| 000 | 00000nam##2200000za#4500 |
| 001 | 9.700491 |
| 003 | CaOODSP |
| 005 | 20210625000846 |
| 007 | cr ||||||||||| |
| 008 | 150407|1982||||xxc|||||o f|0| 0 eng|d |
| 040 | |aCaOODSP|beng |
| 043 | |an-cn--- |
| 086 | 1 |aA53-1737/1994E-PDF |
| 110 | 1 |aCanada. |bAgriculture and Agri-Food Canada. |bResearch Branch. |
| 245 | 10|aPostharvest disorders of apples and pears / |h[electronic resource]|cby M. Meheriuk... [et al.] |
| 250 | |aRev. 1994 |
| 260 | |aOttawa - Ontario : |bAgriculture and Agri-Food Canada. |c1982. |
| 300 | |a68p. |
| 500 | |aHistorical publication digitized by Agriculture and Agri-Food Canada. |
| 590 | |a15-05-Supp|b2015-03-31 |
| 690 | 07|aFruit crops|2gcpds |
| 720 | 1 |aMeheriuk, M. |
| 775 | 08|tAffections après récolte de la pomme et de la poire / |w(CaOODSP)9.644373 |
| 776 | 0#|tPostharvest disorders of apples and pears / |w(CaOODSP)9.645427 |
| 856 | 40|ahttp://publications.gc.ca|qPDF|s4424 KB|uhttps://publications.gc.ca/collections/collection_2015/aac-aafc/A53-1737-1994-eng.pdf |